Central Library OPAC University of Rajshahi

হিন্দু সংগীত / (Record no. 65613)

MARC details
000 -LEADER
fixed length control field 00878nam a2200229 a 4500
001 - CONTROL NUMBER
control field 65613
003 - CONTROL NUMBER IDENTIFIER
rucl marc code BD-RjUL
005 - DATE AND TIME OF LATEST TRANSACTION
control field 20211209081438.0
008 - FIXED-LENGTH DATA ELEMENTS--GENERAL INFORMATION
fixed length control field 170308s1945 ii ||||| |||| 00| f ben d
035 ## - SYSTEM CONTROL NUMBER
System control number (BD-RjUL)65743
040 ## - CATALOGING SOURCE
Original cataloging agency BD-RjUL
Language of cataloging ben
Transcribing agency BD-RjUL
041 ## - LANGUAGE CODE
Language code of text/sound track or separate title ben
082 ## - DEWEY DECIMAL CLASSIFICATION NUMBER
Edition number 23
Classification number 780.954
Author mark and year CHD 1945
100 ## - MAIN ENTRY--PERSONAL NAME
Personal name চৌধুরী, প্রমথ
9 (RLIN) 147347
245 10 - TITLE STATEMENT
Title হিন্দু সংগীত /
Statement of responsibility, etc. প্রমথ চৌধুরী এবং শ্রী ইন্দিরা দেবী চৌধুরী
260 ## - PUBLICATION, DISTRIBUTION, ETC. (IMPRINT)
Place of publication, distribution, etc. কলিকাতা :
Name of publisher, distributor, etc. বিশ্বভারতী,
Date of publication, distribution, etc. ১৯৪৫
300 ## - PHYSICAL DESCRIPTION
Pagination ৪৬ পৃ. ;
Size ২৪ সেমি.
650 ## - SUBJECT ADDED ENTRY--TOPICAL TERM
Topical term or geographic name as entry element সংগীত
Geographic subdivision ভারত
9 (RLIN) 193269
Topical term or geographic name as entry element Music
Geographic subdivision India
9 (RLIN) 194105
700 ## - ADDED ENTRY--PERSONAL NAME
Personal name চৌধুরী, শ্রী ইন্দিরা দেবী
942 ## - ADDED ENTRY ELEMENTS (KOHA)
Source of classification or shelving scheme Dewey Decimal Classification
Koha item type Books
Holdings
Lost status Source of classification or shelving scheme Damaged status Not for loan Collection code Permanent Location Current Location Shelving location Date acquired Source of acquisition Cost, normal purchase price Total Checkouts Full call number Date last seen Copy number Koha item type
  Dewey Decimal Classification   Not For Loan Non-fiction Central Library, University of Rajshahi Central Library, University of Rajshahi Reading Room 26/07/1957 kamola book 8.00   B 780.954 CHD 1945 08/03/2017 C-1 Books